| 000 | 00731nam a2200229 u 4500 | ||
|---|---|---|---|
| 005 | 20240419063744.0 | ||
| 008 | 090526s2003 es r 000 0 spa d | ||
| 020 | _a8466725598 | ||
| 035 | _aUPN01000170670 | ||
| 049 | _aI | ||
| 050 | 4 |
_aPZ74 _bS4.2 |
|
| 100 | 1 |
_aSennell, Joles, _d1945- _930390 |
|
| 245 | 1 | 3 |
_aUn brujo de segunda / _cJoles Sennell ; il. Xan López Domínguez ; tr. Goretti López. |
| 260 |
_aMadrid : _bAnaya, _c2003. |
||
| 300 |
_a104 p. : _bil. |
||
| 440 | 0 |
_aSopa de libros ; _v89. _pA partir de 10 años |
|
| 650 | 0 |
_aCuentos de hadas _95259 |
|
| 650 | 4 |
_aLiteratura infantil española _95892 |
|
| 650 | 0 |
_aLiteratura fantástica _98755 |
|
| 650 | 4 |
_aBRUJAS - _vLITERATURA INFANTIL _94409 |
|
| 905 | _aLibro | ||
| 999 |
_c142775 _d142775 |
||